Information technology project management, second edition / (Record no. 346018)

000 -LEADER
fixed length control field 01681 a2200205 4500
020 ## - INTERNATIONAL STANDARD BOOK NUMBER
International Standard Book Number 0619035285
020 ## - INTERNATIONAL STANDARD BOOK NUMBER
International Standard Book Number 9780619035280
082 04 - DEWEY DECIMAL CLASSIFICATION NUMBER
Classification number 004
090 ## - LOCALLY ASSIGNED LC-TYPE CALL NUMBER (OCLC); LOCAL CALL NUMBER (RLIN)
-- 3545
-- 3545
100 1# - MAIN ENTRY--PERSONAL NAME
Personal name Schwalbe, Kathy.
245 10 - TITLE STATEMENT
Title Information technology project management, second edition /
Statement of responsibility, etc. Kathy Schwalbe.
250 ## - EDITION STATEMENT
Edition statement 2nd ed.
260 ## - PUBLICATION, DISTRIBUTION, ETC.
Place of publication, distribution, etc. [S.l.] :
Name of publisher, distributor, etc. Course Technology,
Date of publication, distribution, etc. 2001.
300 ## - PHYSICAL DESCRIPTION
Extent 561 p. ;
Dimensions 26 cm.
500 ## - GENERAL NOTE
General note Paperback.
520 ## - SUMMARY, ETC.
Summary, etc. Each and every recent innovation in Information Technology can be traced back to a project: the behind-the-scenes work that, when correctly managed, results in a new system, a new technology, or a new product in the marketplace. This text builds an unparalleled foundation for tomorrow’s creators and managers by providing meaningful examples of real projects—both successful and failed—and applying the lessons they teach to a sound framework in IT project management. * Applies the widely-accepted PMBOK set of standards (Project Management Body of Knowledge) to the changing field of IT. * Includes a 120-day trial version of Microsoft Project 2000 and appendix, "A Guide to Microsoft Project 2000". * Features an extensive running case that puts skills into practice using real-world data from the files of Northwest Airlines. * End-of-chapter mini cases provide extra real-world reinforcement. * Offers complete preparation for CompTIA's IT Project + Certification
856 ## - ELECTRONIC LOCATION AND ACCESS
Materials specified Amazon.com
Uniform Resource Identifier <a href="http://www.amazon.com/exec/obidos/ASIN/0619035285/chopaconli">http://www.amazon.com/exec/obidos/ASIN/0619035285/chopaconli</a>
856 ## - ELECTRONIC LOCATION AND ACCESS
Materials specified Amazon customer reviews
Uniform Resource Identifier <a href="http://www.chopac.org/cgi-bin/tools/azrev.pl?q=06190">http://www.chopac.org/cgi-bin/tools/azrev.pl?q=06190</a>
942 ## - ADDED ENTRY ELEMENTS (KOHA)
Institution code [OBSOLETE] NBS
Koha item type Book
Call number prefix 658.404 SCH
Holdings
Withdrawn status Lost status Damaged status Not for loan Permanent Location Current Location Date acquired Total Checkouts Full call number Barcode Date last seen Date last checked out Price effective from Koha item type Source of classification or shelving scheme Collection code Shelving location
        Central Library (CL) Central Library (CL) 08/28/2013 3 658.404 SCH NBS5951 07/14/2016 02/16/2016 08/28/2013 Book      
        Central Library (CL) Central Library (CL) 05/02/2014 5 658.404 SCH NBS6033 04/07/2016 02/22/2016 05/02/2014 Book     General Stacks
© 2023 Central Library, National University of Sciences and Technology. All Rights Reserved.